[Event "Vienna Chess Open 2015 Group A"]
[Site "Grosser Festsaal im Wiener Rathaus, 1010 Wien"]
[Date "2015.08.17"]
[Round "3"]
[Board "29"]
[White "Lenaerts, Lennert"]
[Black "Guido, Flavio"]
[Result "1-0"]
[WhiteElo "2204"]
[BlackElo "2367"]
[PlyCount "57"]
[EventDate "2015.08.15"]
[EventRounds "9"]
[EventCountry "AUT"]

1.d4 Nf6 2.c4 g6 3.f3 d5 4.cxd5 Nxd5 5.e4 Nb6 6.Nc3 Bg7 7.Be3 O-O 8.Qd2 e5 9.d5 c6
10.Rd1 cxd5 11.exd5 N8d7 12.Nh3 Nc4 13.Bxc4 Qh4+ 14.Nf2 Qxc4 15.b3 Qa6 16.Nd3 Nb6
17.h4 Qa5 18.Bc5 e4 19.b4 Qa3 20.Nxe4 Re8 21.O-O Nxd5 22.b5 Qa4 23.Nb2 Qxb5 24.Bd4
Rd8 25.Bxg7 Kxg7 26.Qd4+ Kh6 27.g4 g5 28.Qe5 f5 29.Rxd5 1-0

[Event "Vienna Chess Open 2015 Group A"]
[Site "Grosser Festsaal im Wiener Rathaus, 1010 Wien"]
[Date "2015.08.17"]
[Round "3"]
[Board "30"]
[White "Jackson, James"]
[Black "Stiller, Juergen"]
[Result "1-0"]
[WhiteElo "2367"]
[BlackElo "2183"]
[PlyCount "81"]
[EventDate "2015.08.15"]
[EventRounds "9"]
[EventCountry "AUT"]

1.e4 c6 2.d4 d5 3.Nd2 dxe4 4.Nxe4 Bf5 5.Ng3 Bg6 6.h4 h6 7.Nf3 Nf6 8.Ne5 Bh7 9.Bd3
Bxd3 10.Qxd3 e6 11.Bd2 Nbd7 12.f4 Be7 13.O-O-O Nxe5 14.fxe5 Nd5 15.Rdf1 Qd7 16.Nh5
Bf8 17.c4 Nb6 18.Ba5 O-O-O 19.Rf4 c5 20.Rd1 cxd4 21.Kb1 g5 22.Rf2 Kb8 23.Rdf1 f5 24.exf6
Rc8 25.Bxb6 axb6 26.f7 e5 27.Qe4 Bd6 28.Qd5 Qc7 29.Nf6 Rhd8 30.Ne8 Rxe8 31.fxe8=Q
Rxe8 32.Rf6 Bc5 33.Qe4 gxh4 34.Rxh6 Bb4 35.Rxh4 Bd2 36.Qd3 Bf4 37.g3 Be3 38.Rfh1 Qc6
39.Qe4 Qxc4 40.Rh8 Qb5 41.a4 1-0

[Event "Vienna Chess Open 2015 Group A"]
[Site "Grosser Festsaal im Wiener Rathaus, 1010 Wien"]
[Date "2015.08.17"]
[Round "3"]
[Board "31"]
[White "Leitner, Gerald"]
[Black "Kessler, Luca"]
[Result "1/2-1/2"]
[WhiteElo "2193"]
[BlackElo "2364"]
[PlyCount "109"]
[EventDate "2015.08.15"]
[EventRounds "9"]
[EventCountry "AUT"]

1.d4 Nf6 2.c4 g6 3.Nc3 d5 4.Nf3 Bg7 5.Qb3 dxc4 6.Qxc4 O-O 7.e4 a6 8.e5 b5 9.Qb3 Nfd7
10.e6 fxe6 11.h4 Nf6 12.Be3 Nc6 13.O-O-O Qd6 14.Be2 Bd7 15.Ng5 b4 16.Nce4 Na5 17.Qc2
Qd5 18.b3 Nxe4 19.Nxe4 Bb5 20.Bf3 Rxf3 21.gxf3 e5 22.dxe5 Qxe5 23.Bd4 Qf4+ 24.Qd2
Rf8 25.Bxg7 Kxg7 26.Ng5 Qf6 27.Qd4 Kh6 28.Rhe1 c5 29.Qxf6 exf6 30.Ne6 Rc8 31.Rd8 Rxd8
32.Nxd8 c4 33.Kc2 Kh5 34.Re7 h6 35.Rh7 Kxh4 36.Rxh6+ Kg5 37.Nf7+ Kf5 38.Nd6+ Kg5 39.Nf7+
Kf5 40.Nd6+ Kg5 41.Rh3 cxb3+ 42.axb3 Bd7 43.Rg3+ Kh6 44.f4 Be6 45.Ne8 Nc6 46.Nxf6
Nd4+ 47.Kb2 a5 48.Rd3 Nxb3 49.Rxb3 Bxb3 50.Kxb3 Kg7 51.Ne4 Kf7 52.Kc4 Ke6 53.Kd4 Kf5
54.Ke3 Ke6 55.Kd4 1/2-1/2

[Event "Vienna Chess Open 2015 Group A"]
[Site "Grosser Festsaal im Wiener Rathaus, 1010 Wien"]
[Date "2015.08.17"]
[Round "3"]
[Board "32"]
[White "Heinl, Thomas"]
[Black "Kevlishvili, Robby"]
[Result "0-1"]
[WhiteElo "2164"]
[BlackElo "2357"]
[PlyCount "102"]
[EventDate "2015.08.15"]
[EventRounds "9"]
[EventCountry "AUT"]

1.e4 c5 2.Nf3 d6 3.c3 Nf6 4.d3 e6 5.Be2 Be7 6.O-O O-O 7.Bg5 Nc6 8.Nbd2 h6 9.Bh4 e5
10.Bg3 Nh5 11.Nc4 Nxg3 12.hxg3 Bf6 13.Ne3 g6 14.Nh2 h5 15.Qe1 h4 16.gxh4 Bxh4 17.Nf3
Bf6 18.Nd5 Bg7 19.Qd2 Be6 20.Rad1 Bxd5 21.exd5 Ne7 22.d4 cxd4 23.cxd4 e4 24.Ng5 Nf5
25.Nxe4 Qh4 26.Bf3 Nxd4 27.Qg5 Nxf3+ 28.gxf3 Qxg5+ 29.Nxg5 Rac8 30.Ne4 Be5 31.Rc1
f5 32.Nc3 Rc5 33.Ne2 Rxd5 34.Rfd1 Rxd1+ 35.Rxd1 Rc8 36.f4 Bg7 37.Nc3 Bxc3 38.bxc3
Rc6 39.Rb1 b6 40.Rb3 Kf7 41.Kf1 Ke6 42.Ke2 Kd5 43.Kd3 Rc4 44.Rb5+ Rc5 45.Rb1 Ra5 46.Rg1
Rxa2 47.Rxg6 Rxf2 48.Ke3 Rh2 49.Rf6 Rh3+ 50.Kd2 Ke4 51.Rxd6 Rh2+ 0-1

[Event "Vienna Chess Open 2015 Group A"]
[Site "Grosser Festsaal im Wiener Rathaus, 1010 Wien"]
[Date "2015.08.17"]
[Round "3"]
[Board "33"]
[White "Bruce, Shannon Hill"]
[Black "Jessel, Stephen"]
[Result "0-1"]
[WhiteElo "2116"]
[BlackElo "2352"]
[PlyCount "122"]
[EventDate "2015.08.15"]
[EventRounds "9"]
[EventCountry "AUT"]

1.d4 e6 2.Nf3 d5 3.Bg5 Be7 4.Bxe7 Qxe7 5.c4 Nf6 6.Nc3 O-O 7.e3 Rd8 8.cxd5 exd5 9.h3
b6 10.Qc2 c5 11.Be2 Nc6 12.O-O Nb4 13.Qd1 Bb7 14.Rc1 Rac8 15.a3 Nc6 16.Bb5 Nb8 17.Bd3
Ne4 18.Ne2 Nd7 19.Nd2 Ndf6 20.Bxe4 dxe4 21.Qa4 Bc6 22.Qa6 Qd7 23.a4 Bxa4 24.Nc3 Bc6
25.Nb3 Nd5 26.Rfd1 Nxc3 27.Rxc3 Ba4 28.Ra1 Bxb3 29.Rxb3 cxd4 30.exd4 Rc7 31.Rd1 f5
32.Qa2 Qd5 33.Qa3 h6 34.Rg3 Kh7 35.Rb3 Rdd7 36.Rc3 Rc4 37.Qf8 Rxc3 38.bxc3 Qf7 39.Qxf7
Rxf7 40.Ra1 Rc7 41.Ra6 f4 42.Kf1 Kg6 43.Ra3 Kf5 44.Ke2 g5 45.g4+ Ke6 46.Kd2 Kd6 47.Ra4
Re7 48.c4 a5 49.c5+ Kc6 50.cxb6 Kxb6 51.d5 e3+ 52.fxe3 Rxe3 53.d6 Kc6 54.h4 Re5 55.hxg5
hxg5 56.Rd4 Kd7 57.Kc3 Rc5+ 58.Kd3 Rb5 59.Ke2 Rb2+ 60.Kf3 Rb3+ 61.Ke4 Rb4 0-1

[Event "Vienna Chess Open 2015 Group A"]
[Site "Grosser Festsaal im Wiener Rathaus, 1010 Wien"]
[Date "2015.08.17"]
[Round "3"]
[Board "34"]
[White "Balla, Tamas-Kristof"]
[Black "Lochte, Thomas"]
[Result "1-0"]
[WhiteElo "2347"]
[BlackElo "2111"]
[PlyCount "81"]
[EventDate "2015.08.15"]
[EventRounds "9"]
[EventCountry "AUT"]

1.d4 Nf6 2.c4 e5 3.dxe5 Ng4 4.e3 Nxe5 5.Nc3 Bb4 6.Bd2 d6 7.a3 Bxc3 8.Bxc3 O-O 9.c5
Nbc6 10.cxd6 cxd6 11.Nf3 Qf6 12.Be2 Qg6 13.O-O Bh3 14.Ne1 Bf5 15.f3 Rad8 16.e4 Bc8
17.Nc2 f5 18.f4 Nf7 19.Rf3 Qe6 20.exf5 Qxf5 21.Kh1 Nh6 22.Nd4 Qf7 23.h3 d5 24.Rc1
Rfe8 25.Nxc6 bxc6 26.Be5 Re6 27.Rfc3 Bd7 28.Qd4 Nf5 29.Qxa7 d4 30.Rf3 Rg6 31.Bc4 Be6
32.Qxf7+ Bxf7 33.g4 Nd6 34.Bb3 h5 35.f5 Bxb3 36.Rxb3 Nf7 37.fxg6 Nxe5 38.gxh5 d3 39.Rbc3
Rd4 40.Rd1 d2 41.Re3 1-0

[Event "Vienna Chess Open 2015 Group A"]
[Site "Grosser Festsaal im Wiener Rathaus, 1010 Wien"]
[Date "2015.08.17"]
[Round "3"]
[Board "35"]
[White "Sorm, Daniel"]
[Black "Torner Planell, Josep Ramon"]
[Result "1-0"]
[WhiteElo "2347"]
[BlackElo "2099"]
[PlyCount "91"]
[EventDate "2015.08.15"]
[EventRounds "9"]
[EventCountry "AUT"]

1.d4 Nf6 2.Nf3 d6 3.c4 Nbd7 4.Nc3 g6 5.h3 Bg7 6.Bg5 h6 7.Bf4 O-O 8.Qd2 Kh7 9.g4 c5
10.d5 Qa5 11.e4 a6 12.g5 Nh5 13.Be3 hxg5 14.Nxg5+ Kg8 15.Be2 Ndf6 16.Rg1 Bd7 17.f4
b5 18.e5 b4 19.Nd1 dxe5 20.fxe5 Ne8 21.e6 fxe6 22.Bxh5 gxh5 23.Qd3 Nf6 24.Nxe6 Bxe6
25.dxe6 Qb6 26.Qg6 Ne8 27.Bg5 Qd6 28.Ne3 Qe5 29.Rg2 Rd8 30.Rd1 Rd4 31.Rdd2 Re4 32.Rde2
Qxe6 33.Qxe6+ Rxe6 34.Nd5 Rxe2+ 35.Rxe2 e5 36.Be7 Rf3 37.h4 Bf8 38.Bxf8 Kxf8 39.Rxe5
Nd6 40.b3 Rh3 41.Re6 Nf7 42.Nf4 Rh1+ 43.Kd2 Rh2+ 44.Re2 Rh1 45.Ne6+ Ke7 46.Ng5+ 1-0

[Event "Vienna Chess Open 2015 Group A"]
[Site "Grosser Festsaal im Wiener Rathaus, 1010 Wien"]
[Date "2015.08.18"]
[Round "4"]
[Board "1"]
[White "Shengelia, David"]
[Black "Carow, Johannes"]
[Result "0-1"]
[WhiteElo "2572"]
[BlackElo "2407"]
[PlyCount "74"]
[EventDate "2015.08.15"]
[EventRounds "9"]
[EventCountry "AUT"]

1.e4 c5 2.d3 Nc6 3.g3 g6 4.Bg2 Bg7 5.f4 e6 6.Nf3 Nge7 7.c3 O-O 8.Be3 b6 9.d4 cxd4
10.cxd4 d5 11.e5 Ba6 12.Nc3 Rc8 13.Bf1 Bxf1 14.Kxf1 f6 15.Kg2 Nf5 16.Bf2 fxe5 17.fxe5
Rc7 18.g4 Rcf7 19.Rf1 Nh6 20.Bh4 Nxg4 21.Bxd8 Ne3+ 22.Kg3 Nxd1 23.Raxd1 Rxd8 24.Ne2
Rdf8 25.Kg2 Bh6 26.Rd3 Nb4 27.Rc3 Nxa2 28.Rb3 Rc8 29.Ra1 Rc2 30.Rxa2 Rxe2+ 31.Kg3
Bf4+ 32.Kh3 h5 33.Kh4 Kg7 34.Ra1 Kh6 35.Rg1 g5+ 36.Rxg5 Bxg5+ 37.Nxg5 Rf4+ 0-1

[Event "Vienna Chess Open 2015 Group A"]
[Site "Grosser Festsaal im Wiener Rathaus, 1010 Wien"]
[Date "2015.08.18"]
[Round "4"]
[Board "2"]
[White "Danner, Georg"]
[Black "Heberla, Bartlomiej"]
[Result "1/2-1/2"]
[WhiteElo "2385"]
[BlackElo "2548"]
[PlyCount "82"]
[EventDate "2015.08.15"]
[EventRounds "9"]
[EventCountry "AUT"]

1.d4 Nf6 2.Nf3 g6 3.c4 Bg7 4.Nc3 O-O 5.e4 d6 6.Be2 e5 7.d5 Na6 8.Be3 Ng4 9.Bg5 f6
10.Bh4 Qe8 11.h3 Nh6 12.Nd2 f5 13.f3 Nf7 14.Rb1 Bh6 15.Bf2 c5 16.dxc6 bxc6 17.b4 Nc7
18.b5 Be6 19.bxc6 Qxc6 20.Nd5 Bxd5 21.cxd5 Qc3 22.Rc1 Qa5 23.Rc2 fxe4 24.fxe4 Nxd5
25.exd5 e4 26.O-O e3 27.Nc4 exf2+ 28.Rxf2 Qd8 29.Bg4 Kh8 30.Be6 Ne5 31.Rxf8+ Bxf8
32.Nxe5 dxe5 33.Rc6 Qg5 34.d6 Rd8 35.d7 Bc5+ 36.Kh1 Bb6 37.Qf3 Kg7 38.Qf7+ Kh6 39.Qf3
Qd2 40.Qf1 e4 41.Rc8 Qd6 1/2-1/2

[Event "Vienna Chess Open 2015 Group A"]
[Site "Grosser Festsaal im Wiener Rathaus, 1010 Wien"]
[Date "2015.08.18"]
[Round "4"]
[Board "3"]
[White "Brunello, Sabino"]
[Black "Maier, Christian"]
[Result "1-0"]
[WhiteElo "2545"]
[BlackElo "2382"]
[PlyCount "65"]
[EventDate "2015.08.15"]
[EventRounds "9"]
[EventCountry "AUT"]

1.d4 e6 2.c4 Nf6 3.Nc3 Bb4 4.e3 O-O 5.Bd3 Nc6 6.Nge2 e5 7.O-O Re8 8.d5 e4 9.Bc2 Bxc3
10.Nxc3 Nb4 11.Bb1 d6 12.a3 Na6 13.b4 Bf5 14.f4 c5 15.dxc6 bxc6 16.h3 h5 17.Bb2 Rb8
18.Rf2 c5 19.Nd5 Nxd5 20.Qxd5 Qd7 21.b5 Nc7 22.Qd1 d5 23.cxd5 Nxd5 24.Ba2 Nxe3 25.Qc1
Nd5 26.Rd2 c4 27.Qxc4 Qxb5 28.Qxb5 Rxb5 29.Rxd5 Rxb2 30.Rxf5 Re7 31.Rxh5 Rd7 32.Bd5
e3 33.Re1 1-0

[Event "Vienna Chess Open 2015 Group A"]
[Site "Grosser Festsaal im Wiener Rathaus, 1010 Wien"]
[Date "2015.08.18"]
[Round "4"]
[Board "4"]
[White "Jackson, James"]
[Black "Dizdarevic, Emir"]
[Result "1/2-1/2"]
[WhiteElo "2367"]
[BlackElo "2540"]
[PlyCount "52"]
[EventDate "2015.08.15"]
[EventRounds "9"]
[EventCountry "AUT"]

1.e4 e6 2.d4 d5 3.Nc3 Bb4 4.e5 Ne7 5.a3 Bxc3+ 6.bxc3 h6 7.Qg4 Kf8 8.Nf3 b6 9.Bd3 Ba6
10.O-O Bxd3 11.cxd3 Nd7 12.Be3 Rc8 13.c4 c5 14.cxd5 Nxd5 15.Rac1 g6 16.dxc5 Nxc5 17.Bxc5+
bxc5 18.Qa4 Kg7 19.Qxa7 Nf4 20.Rxc5 Qxd3 21.Re1 Nh3+ 22.gxh3 Qxf3 23.Re3 Qd1+ 24.Kg2
Rxc5 25.Qxc5 Rb8 26.Qd6 Qb1 1/2-1/2

[Event "Vienna Chess Open 2015 Group A"]
[Site "Grosser Festsaal im Wiener Rathaus, 1010 Wien"]
[Date "2015.08.18"]
[Round "4"]
[Board "5"]
[White "Antal, Gergely"]
[Black "Balla, Tamas-Kristof"]
[Result "1-0"]
[WhiteElo "2524"]
[BlackElo "2347"]
[PlyCount "57"]
[EventDate "2015.08.15"]
[EventRounds "9"]
[EventCountry "AUT"]

1.e4 c5 2.Nf3 e6 3.b3 a6 4.c4 Nc6 5.Bb2 d5 6.exd5 exd5 7.cxd5 Nb4 8.Bc4 b5 9.O-O bxc4
10.bxc4 Bf5 11.Re1+ Ne7 12.Ne5 f6 13.Qa4+ Bd7 14.Nxd7 Qxd7 15.Qb3 a5 16.d4 cxd4 17.a3
Na6 18.Bxd4 a4 19.Qf3 Rc8 20.Nd2 Nc5 21.Bxc5 Rxc5 22.Ne4 Rxc4 23.d6 Kf7 24.Ng5+ Kg6
25.dxe7 Bxe7 26.Rad1 Rd4 27.Rxd4 Qxd4 28.Ne6 Qh4 29.Nf4+ 1-0

[Event "Vienna Chess Open 2015 Group A"]
[Site "Grosser Festsaal im Wiener Rathaus, 1010 Wien"]
[Date "2015.08.18"]
[Round "4"]
[Board "6"]
[White "Kevlishvili, Robby"]
[Black "Rambaldi, Francesco"]
[Result "0-1"]
[WhiteElo "2357"]
[BlackElo "2517"]
[PlyCount "231"]
[EventDate "2015.08.15"]
[EventRounds "9"]
[EventCountry "AUT"]

1.e4 e6 2.d4 d5 3.Nd2 Be7 4.Ngf3 Nf6 5.e5 Nfd7 6.Bd3 c5 7.c3 Nc6 8.O-O O-O 9.Re1 f5
10.exf6 Nxf6 11.Nf1 cxd4 12.cxd4 Qb6 13.Ng3 Ng4 14.Re2 Bd6 15.Bb1 Bd7 16.Be3 Rae8
17.Nf1 Nxe3 18.Rxe3 g6 19.Rb3 Qc7 20.Rc3 Qd8 21.a3 Kh8 22.Ba2 Qf6 23.Ne3 Qg7 24.Rac1
Re7 25.Bb3 Ref7 26.Nf1 g5 27.h3 g4 28.hxg4 Qxg4 29.Rxc6 bxc6 30.Ne5 Qh4 31.Nxf7+ Rxf7
32.Rc2 Rf6 33.g3 Qh3 34.Qe2 Be8 35.Rc3 Bh5 36.Qd2 Bf3 37.Rxf3 Rxf3 38.Ba4 Rf6 39.Qe3
Qf5 40.Bxc6 Qf3 41.Bd7 Qxe3 42.Nxe3 Kg7 43.Kg2 Kf7 44.b4 Ke7 45.Bc6 Rf8 46.Nc2 h5
47.b5 h4 48.gxh4 Rf4 49.h5 Rh4 50.a4 Rxh5 51.a5 Rh2+ 52.Kg1 Rh3 53.Ne3 Bb8 54.Kg2
Rh2+ 55.Kg1 Rh7 56.Kg2 Kd6 57.f4 Bc7 58.f5 Bxa5 59.fxe6 Kxe6 60.Bxd5+ Kd7 61.Kf3 Bb6
62.Nf5 Kc7 63.Ke4 Rh1 64.Kd3 Rb1 65.Bc4 Rd1+ 66.Kc2 Re1 67.Kd3 Ra1 68.Be6 Ra3+ 69.Kc4
Ra1 70.Kd3 Rb1 71.Kc4 Re1 72.Bd5 Kd7 73.Kd3 Rf1 74.Ne3 Rf4 75.Be4 Rh4 76.Nd5 Bd8 77.Nc3
Kd6 78.Bb7 Bb6 79.Ne4+ Kc7 80.Bd5 Ba5 81.Kc4 Rh3 82.Bc6 Re3 83.Nc5 Be1 84.d5 Kd6 85.Kd4
Re2 86.Ne4+ Kc7 87.Kd3 Rh2 88.Kd4 Bb4 89.Kc4 Be7 90.Kd4 Rh5 91.Kc4 Rh4 92.Kd3 Ba3
93.Nd2 Bc5 94.Ne4 Be7 95.Ke3 Bf8 96.Kd3 Kb6 97.Ke3 Bg7 98.Kd3 Be5 99.Nd2 Rh3+ 100.Kc4
Re3 101.Nf1 Rc3+ 102.Kb4 Rf3 103.Nd2 Bc3+ 104.Kc4 Bxd2 105.Kd4 Rf6 106.Ke5 Bc3+ 107.Ke4
Kc5 108.Kd3 Be5 109.Ke4 Bd6 110.Kd3 Rf4 111.Ke3 Rd4 112.Ke2 Rxd5 113.Bxd5 Kxd5 114.Kd3
Kc5 115.Kc3 Kxb5 116.Kd4 0-1

[Event "Vienna Chess Open 2015 Group A"]
[Site "Grosser Festsaal im Wiener Rathaus, 1010 Wien"]
[Date "2015.08.18"]
[Round "4"]
[Board "7"]
[White "Jessel, Stephen"]
[Black "Kurajica, Bojan"]
[Result "1/2-1/2"]
[WhiteElo "2352"]
[BlackElo "2513"]
[PlyCount "88"]
[EventDate "2015.08.15"]
[EventRounds "9"]
[EventCountry "AUT"]

1.Nf3 Nf6 2.c4 e6 3.g3 a6 4.b3 b5 5.Nc3 d5 6.cxd5 exd5 7.d4 b4 8.Na4 Bd6 9.Bg2 O-O
10.O-O Nbd7 11.Bf4 Bxf4 12.gxf4 Ne4 13.Ne5 Nb6 14.Nc5 f6 15.Nc6 Qd6 16.Nxb4 Qxf4 17.Nxd5
Nxd5 18.Nxe4 f5 19.e3 Qh6 20.Nc5 c6 21.Bxd5+ cxd5 22.f4 Be6 23.Qf3 Ra7 24.Kh1 Re8
25.Rg1 Bf7 26.Rg3 Rae7 27.Qf2 Qc6 28.Rag1 Bh5 29.h3 Qb5 30.Kh2 a5 31.R1g2 Kh8 32.Qg1
g6 33.Qc1 Rc8 34.Rc2 Rec7 35.Qd2 Qb6 36.Rc3 Qd6 37.Kh1 Ra8 38.Kh2 Rac8 39.Qf2 h6 40.Kg1
Kh7 41.Rg2 Re8 42.Rg3 Rec8 43.Rg2 Re8 44.Rg3 Rec8 1/2-1/2

[Event "Vienna Chess Open 2015 Group A"]
[Site "Grosser Festsaal im Wiener Rathaus, 1010 Wien"]
[Date "2015.08.18"]
[Round "4"]
[Board "8"]
[White "Sorm, Daniel"]
[Black "Kindermann, Stefan"]
[Result "1/2-1/2"]
[WhiteElo "2347"]
[BlackElo "2507"]
[PlyCount "48"]
[EventDate "2015.08.15"]
[EventRounds "9"]
[EventCountry "AUT"]

1.d4 d5 2.c4 c6 3.Nc3 Nf6 4.Nf3 a6 5.g3 Bf5 6.Bg2 e6 7.O-O h6 8.b3 Be7 9.Bb2 O-O 10.e3
Ne4 11.Qe2 Nd7 12.Rfd1 Nxc3 13.Bxc3 Nf6 14.Ne5 Nd7 15.Nd3 Bf6 16.Rac1 a5 17.f3 Bxd3
18.Qxd3 a4 19.b4 dxc4 20.Qxc4 Nb6 21.Qd3 Nd5 22.a3 Nxc3 23.Qxc3 Qd7 24.f4 Rfd8 1/2-1/2

[Event "Vienna Chess Open 2015 Group A"]
[Site "Grosser Festsaal im Wiener Rathaus, 1010 Wien"]
[Date "2015.08.18"]
[Round "4"]
[Board "9"]
[White "Arkell, Keith"]
[Black "Welling, Gerard"]
[Result "1-0"]
[WhiteElo "2488"]
[BlackElo "2344"]
[PlyCount "97"]
[EventDate "2015.08.15"]
[EventRounds "9"]
[EventCountry "AUT"]

1.d4 c5 2.d5 e5 3.e4 d6 4.Nf3 g6 5.Be2 Bg7 6.Nc3 Nh6 7.O-O O-O 8.a4 Na6 9.Bd2 f6 10.Nb5
Nf7 11.Qc1 Qe7 12.Re1 Kh8 13.Ra3 Bd7 14.h3 f5 15.Ng5 Nxg5 16.Bxg5 Bf6 17.Bxf6+ Qxf6
18.exf5 gxf5 19.f4 e4 20.Rd1 Rg8 21.Qe3 Nb4 22.Qc3 Qxc3 23.Rxc3 Rg6 24.b3 Rag8 25.Bf1
a6 26.Na3 b5 27.axb5 Bxb5 28.Rd2 Bxf1 29.Kxf1 Rg3 30.Rxg3 Rxg3 31.Nc4 e3 32.Rd1 Nxc2
33.Nxd6 Nd4 34.Rb1 e2+ 35.Kf2 Rd3 36.Ke1 Re3 37.Kd2 Re7 38.Nc4 Kg7 39.Ne5 Rb7 40.d6
Kf6 41.g4 Rxb3 42.Rxb3 Nxb3+ 43.Kxe2 a5 44.Kd3 Nd4 45.Nd7+ Ke6 46.Nxc5+ Kd5 47.d7
Nc6 48.Nb7 a4 49.gxf5 1-0

[Event "Vienna Chess Open 2015 Group A"]
[Site "Grosser Festsaal im Wiener Rathaus, 1010 Wien"]
[Date "2015.08.18"]
[Round "4"]
[Board "10"]
[White "Bartell, Thomas"]
[Black "Rombaldoni, Denis"]
[Result "1/2-1/2"]
[WhiteElo "2345"]
[BlackElo "2467"]
[PlyCount "104"]
[EventDate "2015.08.15"]
[EventRounds "9"]
[EventCountry "AUT"]

1.d4 d5 2.c4 c6 3.Nf3 Nf6 4.e3 Bf5 5.Nc3 e6 6.Nh4 Be4 7.f3 Bg6 8.Qb3 Qc7 9.Bd2 Be7
10.g3 Bh5 11.Be2 a6 12.O-O-O g5 13.g4 dxc4 14.Qxc4 gxh4 15.gxh5 Nxh5 16.Kb1 Nd7 17.f4
Nhf6 18.e4 O-O-O 19.Qb3 Qb6 20.e5 Qxb3 21.axb3 Nd5 22.Nxd5 cxd5 23.Rhg1 Rdg8 24.Bh5
Rxg1 25.Rxg1 f5 26.Rc1+ Kb8 27.Bf7 Nf8 28.Ba5 h5 29.Rg1 Kc8 30.Be8 h3 31.Rg7 Rh7 32.Rg8
b5 33.Rg3 Bd8 34.Rc3+ Bc7 35.Bb4 Nd7 36.Bd6 Nb8 37.Bxc7 Rxc7 38.Bf7 Nc6 39.Bxe6+ Kd8
40.Bxf5 Nxd4 41.Bxh3 Rxc3 42.bxc3 Nxb3 43.Bg2 Nc5 44.Kc2 d4 45.cxd4 Ne6 46.Kc3 Nxf4
47.Bb7 a5 48.Bc6 b4+ 49.Kc4 Ke7 50.Ba4 Ke6 51.Bb3 a4 52.Bxa4 Ng6 1/2-1/2

[Event "Vienna Chess Open 2015 Group A"]
[Site "Grosser Festsaal im Wiener Rathaus, 1010 Wien"]
[Date "2015.08.18"]
[Round "4"]
[Board "11"]
[White "Feuerstack, Aljoscha"]
[Black "Certek, Pavel"]
[Result "1-0"]
[WhiteElo "2458"]
[BlackElo "2260"]
[PlyCount "71"]
[EventDate "2015.08.15"]
[EventRounds "9"]
[EventCountry "AUT"]

1.e4 c5 2.Nf3 g6 3.c3 Bg7 4.d4 cxd4 5.cxd4 d5 6.e5 Nc6 7.Bb5 Nh6 8.Bf4 e6 9.O-O Nf5
10.Nc3 Bd7 11.Qd2 a6 12.Ba4 b5 13.Bc2 Qb6 14.Bxf5 gxf5 15.Bg5 h6 16.Bh4 Ne7 17.Rac1
Ng6 18.Bf6 O-O 19.Ne2 Rfc8 20.Bxg7 Kxg7 21.Ng3 Qd8 22.Nh5+ Kh7 23.Nf6+ Kg7 24.Nh5+
Kh7 25.Nf6+ Kg7 26.Kh1 Rxc1 27.Rxc1 Rc8 28.Rg1 b4 29.h4 Ba4 30.Nh5+ Kh7 31.Nf6+ Kg7
32.h5 Ne7 33.g4 f4 34.g5 Bc2 35.gxh6+ Kh8 36.Qxf4 1-0

[Event "Vienna Chess Open 2015 Group A"]
[Site "Grosser Festsaal im Wiener Rathaus, 1010 Wien"]
[Date "2015.08.18"]
[Round "4"]
[Board "12"]
[White "Bressac, Stephane"]
[Black "Schreiner, Peter"]
[Result "0-1"]
[WhiteElo "2286"]
[BlackElo "2439"]
[PlyCount "63"]
[EventDate "2015.08.15"]
[EventRounds "9"]
[EventCountry "AUT"]

1.c4 g6 2.g3 Bg7 3.Bg2 c5 4.e3 Nc6 5.Ne2 d6 6.Nbc3 Bd7 7.O-O h5 8.d4 Qc8 9.b3 h4 10.Bb2
hxg3 11.fxg3 Bh3 12.Bxh3 Qxh3 13.Rf2 Nh6 14.Nf4 Qc8 15.dxc5 Ng4 16.Rd2 dxc5 17.Nb5
Bxb2 18.Rxb2 a6 19.Nc7+ Qxc7 20.Qxg4 Qe5 21.Qe2 O-O-O 22.Rf1 e6 23.a3 a5 24.Rbb1 Qe4
25.Ng2 f5 26.Nf4 g5 27.Ng2 Rh3 28.Rbd1 Rdh8 29.Qd3 Qxd3 30.Rxd3 Rxh2 31.Rd6 Ne5 32.Re1 0-1

[Event "Vienna Chess Open 2015 Group A"]
[Site "Grosser Festsaal im Wiener Rathaus, 1010 Wien"]
[Date "2015.08.18"]
[Round "4"]
[Board "13"]
[White "Soors, Stef"]
[Black "Ott, Florian"]
[Result "1/2-1/2"]
[WhiteElo "2407"]
[BlackElo "2254"]
[PlyCount "56"]
[EventDate "2015.08.15"]
[EventRounds "9"]
[EventCountry "AUT"]

1.e4 c5 2.Nf3 d6 3.Bb5+ Bd7 4.Bxd7+ Qxd7 5.O-O Nf6 6.Re1 Nc6 7.c3 e6 8.d4 cxd4 9.cxd4
d5 10.e5 Ne4 11.a3 Rc8 12.Nbd2 Nxd2 13.Bxd2 Be7 14.Rc1 a6 15.Rc3 Na7 16.Rd3 Qc6 17.Bc3
Nb5 18.Ree3 O-O 19.h4 Nxc3 20.Rxc3 Qd7 21.Qc2 b5 22.Rxc8 Rxc8 23.Rc3 Rc4 24.b3 Rxc3
25.Qxc3 b4 26.axb4 Qb5 27.Qc8+ Bf8 28.g3 Qxb4 1/2-1/2

[Event "Vienna Chess Open 2015 Group A"]
[Site "Grosser Festsaal im Wiener Rathaus, 1010 Wien"]
[Date "2015.08.18"]
[Round "4"]
[Board "14"]
[White "Buhmann, Rainer"]
[Black "Lenaerts, Lennert"]
[Result "1-0"]
[WhiteElo "2613"]
[BlackElo "2204"]
[PlyCount "53"]
[EventDate "2015.08.15"]
[EventRounds "9"]
[EventCountry "AUT"]

1.d4 d5 2.c4 c6 3.Nf3 Nf6 4.e3 Bg4 5.h3 Bh5 6.g4 Bg6 7.Ne5 Nbd7 8.Nxg6 hxg6 9.Bg2
e6 10.Nd2 g5 11.O-O Be7 12.Re1 e5 13.e4 exd4 14.e5 Ne4 15.cxd5 cxd5 16.Nxe4 dxe4 17.Rxe4
Nc5 18.Rxd4 Qc7 19.Be3 Ne6 20.Qa4+ Kf8 21.Rd7 Qxe5 22.Rxb7 Rd8 23.Qxa7 Nf4 24.Rxe7
Ne2+ 25.Kf1 Qxb2 26.Rxf7+ Kg8 27.Rxg7+ 1-0

[Event "Vienna Chess Open 2015 Group A"]
[Site "Grosser Festsaal im Wiener Rathaus, 1010 Wien"]
[Date "2015.08.18"]
[Round "4"]
[Board "15"]
[White "Berry, Stephen H"]
[Black "Bánusz, Tamás"]
[Result "0-1"]
[WhiteElo "2314"]
[BlackElo "2586"]
[PlyCount "74"]
[EventDate "2015.08.15"]
[EventRounds "9"]
[EventCountry "AUT"]

1.Nf3 d5 2.c4 e6 3.g3 Nf6 4.Bg2 d4 5.O-O c5 6.e3 Nc6 7.exd4 cxd4 8.d3 Bd6 9.Bg5 h6
10.Bxf6 Qxf6 11.Nbd2 Qe7 12.a3 a5 13.Nb3 Qf6 14.Nbd2 Qd8 15.Qc2 O-O 16.c5 Bc7 17.Rfe1
Qe7 18.b3 Rd8 19.Rac1 e5 20.Nc4 f6 21.Qe2 Be6 22.Qe4 Rd5 23.Bh3 Rxc5 24.Bxe6+ Qxe6
25.Nh4 Rd8 26.Nd2 Rc3 27.Qf3 Bd6 28.Nf5 Rxc1 29.Rxc1 Bf8 30.Qg4 Kh7 31.Ne4 g6 32.Nxh6
Qe7 33.Nf5 gxf5 34.Qxf5+ Kh8 35.Nxf6 Bh6 36.Qg6 Qg7 37.Qf5 Rf8 0-1

[Event "Vienna Chess Open 2015 Group A"]
[Site "Grosser Festsaal im Wiener Rathaus, 1010 Wien"]
[Date "2015.08.18"]
[Round "4"]
[Board "16"]
[White "Mihajlov, Sebastian"]
[Black "Hawkins, Jonathan"]
[Result "1/2-1/2"]
[WhiteElo "2309"]
[BlackElo "2554"]
[PlyCount "39"]
[EventDate "2015.08.15"]
[EventRounds "9"]
[EventCountry "AUT"]

1.d4 d5 2.c4 e6 3.Nc3 Nf6 4.Nf3 Be7 5.Bf4 O-O 6.e3 Nbd7 7.Be2 dxc4 8.O-O Nd5 9.Bxc4
Nxf4 10.exf4 c5 11.dxc5 Qc7 12.f5 Nxc5 13.fxe6 Bxe6 14.Bxe6 Nxe6 15.Nd5 Qd6 16.Nxe7+
Qxe7 17.Qe2 Qb4 18.Rfd1 Rfd8 19.h3 h6 20.g3 1/2-1/2

[Event "Vienna Chess Open 2015 Group A"]
[Site "Grosser Festsaal im Wiener Rathaus, 1010 Wien"]
[Date "2015.08.18"]
[Round "4"]
[Board "17"]
[White "Ruck, Robert"]
[Black "Bruchmann, Stephan"]
[Result "0-1"]
[WhiteElo "2552"]
[BlackElo "2294"]
[PlyCount "78"]
[EventDate "2015.08.15"]
[EventRounds "9"]
[EventCountry "AUT"]

1.c4 c6 2.d4 d5 3.Nf3 Nf6 4.Nc3 dxc4 5.a4 Bf5 6.Ne5 Na6 7.e3 Nb4 8.Bxc4 e6 9.O-O Bd6
10.Qe2 Nc2 11.Rb1 Nd5 12.Bd2 O-O 13.Nf3 Bg6 14.e4 Bh5 15.exd5 Nxd4 16.Nxd4 Bxe2 17.Bxe2
cxd5 18.f4 Rc8 19.Ncb5 Be7 20.Nxa7 Ra8 21.Nab5 Rxa4 22.Be3 Bc5 23.Bf2 Qf6 24.Rbd1
Qxf4 25.b3 Ra2 26.g3 Qh6 27.Rc1 b6 28.Rc3 g6 29.b4 Bxb4 30.Rf3 Bc5 31.Be3 Qh3 32.Nc3
Ra3 33.Ndb5 Rb3 34.Kh1 Rb2 35.Nd4 e5 36.g4 Qxg4 37.Nxd5 f5 38.Nxf5 Rxf5 39.Bxc5 Rxe2 0-1

[Event "Vienna Chess Open 2015 Group A"]
[Site "Grosser Festsaal im Wiener Rathaus, 1010 Wien"]
[Date "2015.08.18"]
[Round "4"]
[Board "18"]
[White "Rombaldoni, Axel"]
[Black "De Francesco, Klaus"]
[Result "1-0"]
[WhiteElo "2515"]
[BlackElo "2287"]
[PlyCount "71"]
[EventDate "2015.08.15"]
[EventRounds "9"]
[EventCountry "AUT"]

1.d4 e6 2.c4 Bb4+ 3.Nd2 Nf6 4.a3 Be7 5.e4 d5 6.e5 Nfd7 7.Bd3 c5 8.Ngf3 O-O 9.Qc2 g6
10.cxd5 exd5 11.e6 fxe6 12.Bxg6 Nf6 13.Ne5 hxg6 14.Qxg6+ Kh8 15.Ndf3 Qe8 16.Bh6 Qxg6
17.Nxg6+ Kh7 18.Bxf8 Bxf8 19.Nxf8+ Kg7 20.Nxe6+ Bxe6 21.dxc5 Nc6 22.Ng5 Bf5 23.f3
Kg6 24.h4 Ne5 25.g4 Bd7 26.Kf2 Nd3+ 27.Kg3 Re8 28.Nh3 Nxg4 29.h5+ Kxh5 30.Nf4+ Kg5
31.Rh5+ Kf6 32.Nxd3 Re3 33.Nf4 Rb3 34.Nxd5+ Kg6 35.Nf4+ Kf6 36.Rd1 1-0